[Event "ESP-ch 85th"]
[Site "Linares"]
[Date "2020.09.08"]
[Round "9"]
[White "Hernandez Ramos, David"]
[Black "De la Pena Garcia, Blanca"]
[Result "1/2-1/2"]
[WhiteElo "2093"]
[BlackElo "1867"]
[PlyCount "185"]
[EventDate "2020.08.31"]
[EventType "swiss"]
[EventRounds "9"]
[EventCountry "ESP"]
[SourceTitle "EXT 2021"]
[Source "ChessBase"]
[SourceDate "2020.10.23"]
[SourceVersion "1"]
[SourceVersionDate "2020.10.23"]
[SourceQuality "1"]

1. d4 Nf6 2. Bf4 g6 3. e3 Bg7 4. Nf3 d6 5. Be2 0-0 6. h3 Nfd7 7. Nbd2 e5 8. Bh2 Re8 9. dxe5 dxe5 10. c3 Qe7 11. Qc2 Nb6 12. 0-0 Nc6 13. a3 e4 14. Nd4 Nxd4 15. cxd4 c6 16. Rac1 Bf5 17. Nb3 Nd5 18. Qd2 Bh6 19. Kh1 Rad8 20. Na5 Bc8 21. b4 f5 22. Nc4 Rf8 23. Ne5 f4 24. Bc4 Kh8 25. Bxd5 Rxd5 26. Qc2 fxe3 27. Qxe4 Kg8 28. f4 Qd8 29. Qxe3 Rxd4 30. Qb3+ Qd5 31. Qxd5+ Rxd5 32. Rce1 Bg7 33. Nc4 Rd3 34. Re7 Bf6 35. Rc7 Rd7 36. Rxd7 Bxd7 37. Bg1 a6 38. Nd6 Bc8 39. Bc5 Rd8 40. Ne4 Bb2 41. Rf3 Rd1+ 42. Kh2 Rd8 43. Rb3 Bg7 44. Kg3 Bf5 45. Nd6 Bc8 46. Re3 Bf8 47. Ne4 Bg7 48. Kf3 Bf8 49. Bxf8 Kxf8 50. Nc5 Kf7 51. Rd3 Re8 52. g4 Re7 53. Re3 Rxe3+ 54. Kxe3 Ke7 55. Kd4 b6 56. Ne4 Be6 57. Ke5 Bc4 58. Nd6 Bf1 59. h4 Bh3 60. g5 Be6 61. Ne4 Bf5 62. Nf6 a5 63. Nxh7 axb4 64. axb4 c5 65. bxc5 bxc5 66. Kd5 Bc2 67. Kxc5 Ke6 68. Kd4 Kf5 69. Ke3 Kg4 70. Nf6+ Kxh4 71. Kd4 Kg3 72. Ke5 Bb1 73. Nd5 Kg4 74. Nc7 Bc2 75. Ne6 Bb1 76. Kf6 Bc2 77. Ke5 Bb1 78. Nd8 Bc2 79. Nf7 Bb1 80. Nh6+ Kf3 81. f5 gxf5 82. g6 f4 83. g7 Bh7 84. Nf7 Kg3 85. Ng5 Bg8 86. Ke4 Bc4 87. Nf3 Bg8 88. Nd2 Bh7+ 89. Kd4 Bg8 90. Kd3 Kg2 91. Ke2 Kg3 92. Ne4+ Kg2 93. Nd2 1/2-1/2

[Event "ESP-ch 85th"]
[Site "Linares"]
[Date "2020.09.02"]
[Round "3"]
[White "Hernandez Ramos, David"]
[Black "Silva Lucena, Cristian"]
[Result "1/2-1/2"]
[WhiteElo "2093"]
[BlackElo "2230"]
[PlyCount "41"]
[EventDate "2020.08.31"]
[EventType "swiss"]
[EventRounds "9"]
[EventCountry "ESP"]
[SourceTitle "EXT 2021"]
[Source "ChessBase"]
[SourceDate "2020.10.23"]
[SourceVersion "1"]
[SourceVersionDate "2020.10.23"]
[SourceQuality "1"]

1. d4 d5 2. c4 e6 3. Nc3 c6 4. Nf3 dxc4 5. a4 Bb4 6. g3 b5 7. Bg2 Bb7 8. 0-0 a6 9. Ne4 Nf6 10. Nxf6+ Qxf6 11. Bg5 Qf5 12. Qc1 h6 13. Bf4 Nd7 14. axb5 axb5 15. Rxa8+ Bxa8 16. Qa1 0-0 17. Qa7 Rd8 18. Bc7 Rf8 19. Bf4 Rd8 20. Bc7 Rf8 21. Bf4 1/2-1/2

[Event "ESP-chT CECLUB Div2"]
[Site "Linares"]
[Date "2020.08.27"]
[Round "5.4"]
[White "Hernandez Ramos, David"]
[Black "Garcia Gimenez, Santiago"]
[Result "0-1"]
[WhiteElo "2093"]
[BlackElo "2185"]
[PlyCount "94"]
[EventDate "2020.08.24"]
[EventType "team-tourn"]
[EventRounds "6"]
[EventCountry "ESP"]
[SourceTitle "CBM 198 Extra"]
[Source "ChessBase"]
[SourceDate "2020.11.30"]
[SourceVersion "1"]
[SourceVersionDate "2020.11.30"]
[SourceQuality "1"]
[WhiteTeam "San Sebastian de los Reyes"]
[BlackTeam "Xeraco CE"]
[WhiteTeamCountry "ESP"]
[BlackTeamCountry "ESP"]

1. d4 Nf6 2. c4 g6 3. d5 Bg7 4. Nc3 0-0 5. e4 d6 6. Be2 e5 7. Nf3 Nbd7 8. Be3 Ng4 9. Bg5 f6 10. Bh4 h5 11. h3 Nh6 12. Nd2 a5 13. a3 Nc5 14. b4 axb4 15. axb4 Rxa1 16. Qxa1 Na6 17. Qa3 Qe8 18. f3 f5 19. c5 fxe4 20. Ncxe4 Nf5 21. Bf2 Nd4 22. Bxd4 exd4 23. cxd6 cxd6 24. Nxd6 Qe7 25. N2e4 Bf5 26. 0-0 Be5 27. Nxf5 gxf5 28. Bxa6 fxe4 29. Bc4 Bd6 30. Re1 e3 31. Qd3 Qg7 32. g4 Rxf3 33. Qe4 Rg3+ 34. Kh1 Rxh3+ 35. Kg1 Rg3+ 36. Kh1 Qg5 37. Qe6+ Kg7 38. Qd7+ Be7 39. Re2 Rxg4 40. Qc7 d3 41. Bxd3 Qxd5+ 42. Kh2 Rh4+ 43. Kg3 Rg4+ 44. Kh2 Kf6 45. Qc3+ Kf7 46. Qc7 Qxd3 47. Rg2 Qd6+ 0-1

[Event "ESP-chT CECLUB Div2"]
[Site "Linares"]
[Date "2020.08.25"]
[Round "3.4"]
[White "Hernandez Ramos, David"]
[Black "Jimenez Bandera, Miguel"]
[Result "1-0"]
[WhiteElo "2093"]
[BlackElo "1761"]
[PlyCount "47"]
[EventDate "2020.08.24"]
[EventType "team-tourn"]
[EventRounds "6"]
[EventCountry "ESP"]
[SourceTitle "CBM 198 Extra"]
[Source "ChessBase"]
[SourceDate "2020.11.30"]
[SourceVersion "1"]
[SourceVersionDate "2020.11.30"]
[SourceQuality "1"]
[WhiteTeam "San Sebastian de los Reyes"]
[BlackTeam "Coin CC"]
[WhiteTeamCountry "ESP"]
[BlackTeamCountry "ESP"]

1. d4 Nf6 2. c4 e5 3. dxe5 Ne4 4. Nd2 Bb4 5. a3 Bxd2+ 6. Bxd2 Nxd2 7. Qxd2 Nc6 8. Nf3 Qe7 9. Qc3 b6 10. e3 Bb7 11. b4 0-0 12. b5 Na5 13. Be2 Rae8 14. Rd1 Bxf3 15. gxf3 Nb7 16. f4 Nc5 17. Bf3 f6 18. Rd5 c6 19. bxc6 dxc6 20. exf6 Qxf6 21. Qxf6 Rxf6 22. Rd4 Rxf4 23. Rxf4 Nd3+ 24. Kd1 1-0

[Event "Valdepenas U2200 op 2nd"]
[Site "Valdepenas"]
[Date "2020.07.26"]
[Round "6.1"]
[White "Alfaya Marcelo, Roberto"]
[Black "Hernandez Ramos, David"]
[Result "1/2-1/2"]
[WhiteElo "2158"]
[BlackElo "2065"]
[PlyCount "66"]
[EventDate "2020.07.25"]
[EventType "swiss (rapid)"]
[EventRounds "7"]
[EventCountry "ESP"]
[SourceTitle "EXT 2024"]
[Source "ChessBase"]
[SourceDate "2023.10.10"]
[SourceVersion "1"]
[SourceVersionDate "2023.10.10"]
[SourceQuality "1"]

1. d4 g6 2. Bf4 Bg7 3. e3 d6 4. Nf3 b6 5. Be2 Ba6 6. 0-0 Nf6 7. h3 0-0 8. c3 Qc8 9. Nbd2 c6 10. Re1 Re8 11. Bh2 Bb7 12. e4 Nfd7 13. Bc4 e5 14. Qb3 Re7 15. a4 h6 16. Bf1 Qe8 17. Nc4 Re6 18. Rad1 Qf8 19. Qa3 c5 20. d5 Re8 21. Nfd2 Kh7 22. b4 Qe7 23. Qb2 Na6 24. Na3 Nc7 25. b5 Rf8 26. Bd3 f6 27. c4 Rf7 28. Nc2 Raf8 29. Ne3 Bc8 30. Qc2 Kh8 31. Ndf1 Rg8 32. g4 Nf8 33. Ng3 Nh7 1/2-1/2